000 00453nam a2200181Ia 4500
001 2990
005 20260306144847.0
008 260306t2010||||xx |||||||||||||| ||spa||
041 _aESP
082 _a239.8
_bR81
100 _aRomero, Catalina (editor)
_eAUT
245 0 _aEntre la tormenta y la brisa, homenaje a Gustavo Gutiérrez
260 _c2010
300 _a251 páginas :
_c
650 _aGEN
654 _aCHU
942 _cLIB
_dJUS
_fJUS
_2ddc
_n
999 _c2990
_d2990